Industrial waste treatment process engineering / (Record no. 332164)

000 -LEADER
fixed length control field 01244cam a22002894a 4500
001 - CONTROL NUMBER
control field 204805
003 - CONTROL NUMBER IDENTIFIER
control field NUST
005 - DATE AND TIME OF LATEST TRANSACTION
control field 20171116101138.0
008 - FIXED-LENGTH DATA ELEMENTS--GENERAL INFORMATION
fixed length control field 990614m19992000paua b 001 0 eng
010 ## - LIBRARY OF CONGRESS CONTROL NUMBER
LC control number 99064543
Canceled/invalid LC control number 99066876
-- 99069167
020 ## - INTERNATIONAL STANDARD BOOK NUMBER
International Standard Book Number 1566767679 (hardcover : acidfree paper)
040 ## - CATALOGING SOURCE
Original cataloging agency DLC
Transcribing agency DLC
Modifying agency DLC
042 ## - AUTHENTICATION CODE
Authentication code pcc
050 00 - LIBRARY OF CONGRESS CALL NUMBER
Classification number TD897
Item number .C3433 1999
082 00 - DEWEY DECIMAL CLASSIFICATION NUMBER
Classification number 628.5 CEL
Edition number 21
100 1# - MAIN ENTRY--PERSONAL NAME
Personal name Celenza, Gaetano Joseph.
9 (RLIN) 6427
245 10 - TITLE STATEMENT
Title Industrial waste treatment process engineering /
Statement of responsibility, etc. Gaetano Joseph Celenza.
Remainder of title Facility Evaluation & Pretreatment Vol-1
260 ## - PUBLICATION, DISTRIBUTION, ETC.
Place of publication, distribution, etc. Lancaster, Penn. :
Name of publisher, distributor, etc. Technomic Publishing,
Date of publication, distribution, etc. 1999-2000.
300 ## - PHYSICAL DESCRIPTION
Extent 3 v. :
Other physical details ill. ;
Dimensions 29 cm.
500 ## - GENERAL NOTE
General note H.B
504 ## - BIBLIOGRAPHY, ETC. NOTE
Bibliography, etc. note Includes bibliographical references and index.
505 0# - FORMATTED CONTENTS NOTE
Formatted contents note v. 1. Facility evaluation & pretreatment -- v. 2. Biological processes -- v. 3. Specialized treatment systems.
650 #0 - SUBJECT ADDED ENTRY--TOPICAL TERM
Topical term or geographic name entry element Factory and trade waste
General subdivision Purification.
9 (RLIN) 1014
650 #0 - SUBJECT ADDED ENTRY--TOPICAL TERM
Topical term or geographic name entry element Pollution prevention.
9 (RLIN) 6390
856 42 - ELECTRONIC LOCATION AND ACCESS
Materials specified Publisher description
Uniform Resource Identifier <a href="http://www.loc.gov/catdir/enhancements/fy0744/99064543-d.html">http://www.loc.gov/catdir/enhancements/fy0744/99064543-d.html</a>
906 ## - LOCAL DATA ELEMENT F, LDF (RLIN)
a 7
b cbc
c orignew
d 2
e opcn
f 19
g y-gencatlg
942 ## - ADDED ENTRY ELEMENTS (KOHA)
Source of classification or shelving scheme
Koha item type Book
Call number prefix IESE
Holdings
Withdrawn status Lost status Source of classification or shelving scheme Damaged status Not for loan Collection code Permanent Location Current Location Shelving location Date acquired Total Checkouts Full call number Barcode Date last seen Price effective from Koha item type
            Institute of Environmental Science and Engineering (IESE) Institute of Environmental Science and Engineering (IESE) General Stacks 11/16/2017   628.5 CEL IESE-976 11/16/2017 11/16/2017 Book
            Institute of Environmental Science and Engineering (IESE) Institute of Environmental Science and Engineering (IESE) General Stacks 11/16/2017   628.5 CEL IESE-972 11/16/2017 11/16/2017 Book
            Institute of Environmental Science and Engineering (IESE) Institute of Environmental Science and Engineering (IESE) General Stacks 11/16/2017   628.5 CEL IESE-982 11/16/2017 11/16/2017 Book
© 2023 Central Library, National University of Sciences and Technology. All Rights Reserved.